Riadenie ľudských zdrojov orientované na životné fázy zamestnanca diplomová práca

Saved in:
Bibliographic Details
Main Author: Péková, Michaela
Corporate Author: Fakulta podnikového manažmentu EU. Katedra manažmentu
Other Authors: Joniaková, Zuzana, 1970-
Format: Book
Language:Slovak
Published: Bratislava 2022
Tags: Add Tag
No Tags, Be the first to tag this record!

MARC

LEADER 00000nbm a2200000 4500
001 0285513
005 20230222100220.2
041 0 |a slo 
044 |a SK 
245 1 0 |a Riadenie ľudských zdrojov orientované na životné fázy zamestnanca  |b diplomová práca  |c Michaela Péková ; školiteľ: Zuzana Joniaková 
264 1 |a Bratislava  |c 2022 
300 |a 66 s. 
100 1 |a Péková, Michaela 
700 1 |a Joniaková, Zuzana, 1970- 
710 2 |a Fakulta podnikového manažmentu EU. Katedra manažmentu